La ética protestante y el espíritu del capitalismo / (Record no. 134523)

MARC details
000 -LEADER
campo de control de longitud fija 00746nam a2200229 i 4500
001 - NÚMERO DE CONTROL
campo de control 134523
003 - IDENTIFICADOR DE NÚMERO DE CONTROL
campo de control ES-MaACL
005 - FECHA Y HORA DE LA ÚLTIMA TRANSACCIÓN
campo de control 20250816062537.0
007 - CAMPO FIJO DE DESCRIPCIÓN FÍSICA--INFORMACIÓN GENERAL
campo de control de longitud fija t|
008 - DATOS DE LONGITUD FIJA--INFORMACIÓN GENERAL
campo de control de longitud fija 070911s1969 sp ||||1| spa d
100 1# - ENTRADA PRINCIPAL--NOMBRE DE PERSONA
Nombre de persona Weber, Max.
9 (RLIN) 116265
245 13 - MENCIÓN DEL TÍTULO
Título La ética protestante y el espíritu del capitalismo /
Mención de responsabilidad, etc. Max Weber ; traducida por Luis Legaz Lacambra.
250 ## - MENCION DE EDICION
Mención de edición 1ª ed.
260 ## - PUBLICACIÓN, DISTRIBUCIÓN, ETC.
Lugar de publicación, distribución, etc. Barcelona :
Nombre del editor, distribuidor, etc. Península,
Fecha de publicación, distribución, etc. 1969.
300 ## - DESCRIPCIÓN FÍSICA
Extensión 262 p. ;
Dimensiones 20 cm.
490 1# - MENCIÓN DE SERIE
Mención de serie Historia, ciencia, sociedad ;
Designación de volumen o secuencia 47
650 #4 - PUNTO DE ACCESO ADICIONAL DE MATERIA--TÉRMINO DE MATERIA
Término de materia o nombre geográfico como elemento de entrada Capitalismo-
Subdivisión general Aspectos religiosos.
9 (RLIN) 10761
700 1# - ENTRADA AGREGADA--NOMBRE PERSONAL
Nombre de persona Legaz Lacambra, Luis.
9 (RLIN) 71264
830 10 - PUNTO DE ACCESO ADICIONAL DE SERIE-TÍTULO UNIFORME
Título uniforme Historia, ciencia, sociedad (Península)
Designación de volumen o secuencia 47
9 (RLIN) 177444
852 4# - LOCALIZACIÓN
Ubicación ES-MaACL
Número de control de estantería C-39451
Holdings
Estatus retirado Estado de pérdida Estado de daño No para préstamo Biblioteca de origen Biblioteca actual Ubicación en estantería Fecha de adquisición Fuente de adquisición Total de préstamos Signatura topográfica completa Código de barras Visto por última vez Precio de reemplazo Tipo de ítem Koha
        Biblioteca del Ateneo de Madrid Biblioteca del Ateneo de Madrid Depósito 2 17/01/2008     C-39451 1140020 23/02/2023 23/02/2023 Libro impreso